000 00465cam a2200133 4500
008 120524n 000 0 eng u
020 _a0781752183
035 _a(Sirsi) a176237
050 _aRT 41 FUN 2005
245 _aSkill checklists to accompany Fundamentals of Nursing:
_bthe art and science of nursinng /
_cby Carol Taylor... [et al.].
260 _aPhiladelphia :
_bAWolter kluwer Company,
_c2005.
300 _av, 116p. :
_bill.
700 _aTaylor, Carol
999 _c49321
_d49321